100 sportifs français (En Images) - Statistiques

Statistiques générales
  • Ce quiz a été pris 589 fois
    342 depuis la dernière actualisation
  • Le résultat moyen est 43 sur 100
Statistiques - réponses
Par images Réponse % Correct
Antoine Griezmann
100%
Teddy Riner
100%
Kylian Mbappe
89%
Karim Benzema
88%
Alexis et Felix Lebrun
87%
Zinedine Zidane
87%
Florent Manaudou
85%
Yannick Noah
85%
Antoine Dupont
83%
Kevin Mayer
83%
Laure Manaudou
82%
Leon Marchand
81%
Sébastien Chabal
81%
Tony Parker
81%
Nikola Karabatic
80%
Victor Wembanyama
80%
Jo-Wilfried Tsonga
77%
Pierre Gasly
77%
Martin Fourcade
76%
Renaud Lavillenie
74%
Wendy Renard
74%
Michel Platini
72%
Sébastien Loeb
70%
Marie-José Perec
67%
Alain Prost
64%
Camille Lacourt
64%
Julian Alaphilippe
63%
Rudy Gobert
63%
David Douillet
62%
Amandine Henry
61%
Esteban Ocon
61%
Earvin Ngapeth
59%
Thierry Omeyer
59%
Nicolas Batum
58%
Caroline Garcia
54%
Tony Estanguet
54%
Joakim Noah
53%
Amelie Mauresmo
52%
Romain Bardet
51%
Tony Yoka
50%
Philippes Candeloro
49%
Alain Bernard
46%
Alize Cornet
46%
Joan-Benjamin Gaba
45%
Pauline Ferrand-Prevot
45%
Camille Muffat
44%
Clarisse Agbégnénou
43%
Bernard Hinault
42%
Pierre-Ambroise Bosse
42%
Jackson Richardson
37%
Jeannie Longo
37%
Romane Dicko
35%
Gabriella Papadakis
34%
Quentin Fillon-Maillet
33%
Cassandre Beaugrand
32%
Brahim Asloum
31%
Kauli Vaast
31%
Laura Flessel
31%
Melanie De Jesus Dos Santos
31%
Guillaume Cizeron
30%
Sebastien Ogier
30%
Mélina Robert-Michon
29%
Stephane Diagana
29%
Estelle Mossely
28%
Enzo Lefort
27%
Henri Leconte
27%
Fabien Pelous
25%
Sara Balzer
20%
Dylan Rocher
19%
Manon Apithy-Brunet
19%
Perrine Lafont
19%
Romain Cannone
18%
Jean-Claude Killy
17%
Samir Aït Saïd
17%
Shirini Boukli
17%
Sofiane Oumiha
16%
Surya Bonaly
16%
Anthony Jeanjean
15%
Benjamin Thomas
15%
Steven Da Costa
15%
Cyrena Samba-Mayela
14%
Nicolas Gestin
14%
Alexis Hanquinquant
13%
Alison Pineau
13%
Elodie Clouvel
13%
Jean Galfione
11%
Joris Daudet
11%
Auriane Mallo-Breton
10%
Baptiste Addis
10%
Marie-Amelie Le Fur
10%
Andrea Bescond
9%
Athea Laurin
9%
Eric Tabarly
9%
Jean Quiquampoix
9%
Nantenin Keïta
8%
Laetitia Guapo
7%
Charline Picon
6%
Felicia Ballanger
5%
Pauline Deroulede
5%
Micheline Ostermeyer
3%
Aucun quiz correspondant
Distribution des résultats
% des personnes avec chaque résultat
Percentile par nombre de réponses
Votre historique - résultats
Vous n’avez pas pris ce quiz depuis la dernière actualisation